00277nam a2200109Ia 4500008004100000100002000041245005200061250000800113260003000121300000800151650000800159191201s2011 xx 000 0 und d aKAPOOR, Premvir 0aCounselling and Negotiation Skills For Managers a1st aN. DelhibBiztantrac2011 a254 aBBA